Trendy ekonomiky a managementu [vědecký časopis]

Na minha lista:
Detalhes bibliográficos
Formato: Periódico
Idioma:tcheco
Publicado em: Brno Fakulta podnikatelská Vysokého učení technického v Brně 2018
Tags: Adicionar Tag
Sem tags, seja o primeiro a adicionar uma tag!

MARC

LEADER 00000nas2a2200000 4500
001 0246649
005 20230201090855.7
022 |a 1802-8527 
041 0 |a cze 
044 |a CZ 
245 1 0 |a Trendy ekonomiky a managementu  |b [vědecký časopis] 
264 1 |a Brno  |b Fakulta podnikatelská Vysokého učení technického v Brně  |c 2018 
773 0 |w eu_un_cat*0090237 
774 0 |w eu_un_cat*0290791